Surface chemistry: theory and applications

Furkejuvvon:
Bibliográfalaš dieđut
Váldodahkki: Bikerman, J. J (Dahkki)
Materiálatiipa: Girji
Giella:eaŋgalasgiella
Almmustuhtton: Nueva York Academic Press 1958
Preanttus:2a. ed
Fáttát:
Fáddágilkorat: Lasit fáddágilkoriid
Eai fáddágilkorat, Lasit vuosttaš fáddágilkora!

MARC

LEADER 00000nam a2200000 a 4500
001 UCT4517
003 CL-VaPUC
008 961114e19580000US |||||||||||||||||eng|d
082 0 4 |a 541.33  |b BIK  |2 21 
100 0 |a Bikerman, J. J  |e author  |9 373856 
245 1 0 |a Surface chemistry: theory and applications 
250 |a 2a. ed 
300 |a 501 p 
942 |c BK 
945 |d 19961114 00:00:00  |a rleighto 
260 |a Nueva York  |b Academic Press  |c 1958 
650 7 |a QUIMICA DE SUPERFICIES  |2 CL-VaPUC  |9 259574 
650 0 |a Líquidos  |9 260946 
650 0 |a Sólidos  |9 260188 
650 0 |a Gases  |9 260945 
650 7 |a TEORIA Y APLICACIONES  |2 CL-VaPUC  |9 373857 
583 |a last modification  |c 19961114 00:00:00  |k Rodrigo Vera 
999 |c 253849  |d 253847 
952 |0 0  |1 0  |4 0  |6 541_330000000000000_BIK_1958  |7 0  |8 A  |9 274986  |a BIBING  |b BIBING  |d 2019-11-19  |i 3250032  |l 1  |o 541.33 BIK 1958  |p 3250032  |r 2025-01-20  |s 2020-07-27  |w 2019-11-19  |y BK  |k EIB